Normal view MARC view
  • Intelligence service

Entry Topical Term

Number of records used in: 2

001 - CONTROL NUMBER

  • control field: 11835

003 - CONTROL NUMBER IDENTIFIER

  • control field: NUST

005 - DATE AND TIME OF LATEST TRANSACTION

  • control field: 20180719071943.0

008 - FIXED-LENGTH DATA ELEMENTS

  • fixed length control field: 180719|| aca||aabn | a|a d

040 ## - CATALOGING SOURCE

  • Original cataloging agency: NUST
  • Transcribing agency: NUST

150 ## - HEADING--TOPICAL TERM

  • Topical term or geographic name entry element: Intelligence service
  • Geographic subdivision: Great Britain
  • Form subdivision: Fiction.

670 ## - SOURCE DATA FOUND

  • Source citation: Work cat.: (NUST)173081: Buchan, John, 1875-1940. 11829, Greenmantle /
© 2023 Central Library, National University of Sciences and Technology. All Rights Reserved.